| Tag |
First Indicator |
Second Indicator |
Subfields |
| LEADER |
00000pam a2200000 a 4500 |
| 001 |
in00000086928 |
| 005 |
20151008064631.0 |
| 008 |
810928s1982 mau b 00110 eng |
| 010 |
|
|
|a 81013282
|
| 020 |
|
|
|a 0816178143
|
| 035 |
|
|
|a (OCoLC)07876268
|
| 035 |
|
|
|9 AAK4528AM
|
| 039 |
0 |
|
|a 2
|b 3
|c 3
|d 3
|e 3
|
| 040 |
|
|
|a DLC
|c DLC
|d TXA
|d UtOrBLW
|
| 049 |
|
|
|a TXAM
|c [1805018]
|
| 050 |
0 |
0 |
|a Z8522
|b .A96 1982
|
| 100 |
1 |
|
|a Axelrod, Steven Gould,
|d 1944-
|
| 245 |
1 |
0 |
|a Robert Lowell, a reference guide /
|c Steven Gould Axelrod, Helen Deese.
|
| 264 |
|
1 |
|a Boston, Mass. :
|b G.K. Hall,
|c [1982]
|
| 264 |
|
4 |
|c ©1982
|
| 300 |
|
|
|a xxxiii, 445 pages ;
|c 25 cm.
|
| 336 |
|
|
|a text
|b txt
|2 rdacontent
|
| 337 |
|
|
|a unmediated
|b n
|2 rdamedia
|
| 338 |
|
|
|a volume
|b nc
|2 rdacarrier
|
| 490 |
1 |
|
|a A Reference guide to literature
|
| 500 |
|
|
|a Includes index.
|
| 600 |
1 |
0 |
|a Lowell, Robert,
|d 1917-1977
|x Bibliography.
|
| 700 |
1 |
|
|a Deese, Helen.
|
| 830 |
|
0 |
|a Reference guide to literature.
|
| 999 |
|
|
|a MARS
|
| 999 |
f |
f |
|s d098432f-38fe-39c8-9900-02fdca13b491
|i 7bb1bc13-7f10-3889-857c-2d6d23c0ea2b
|t 0
|
| 952 |
f |
f |
|p ric
|a Texas A&M University
|b Rellis Campus
|c Joint Library Facility
|d Remote Storage
|t 0
|e Z8522 .A96 1982
|h Library of Congress classification
|i unmediated -- volume
|m A14842638075
|
| 998 |
f |
f |
|a Z8522 .A96 1982
|t 0
|l Remote Storage
|